Cambridge CC v SoS Environment and another (Record no. 29450)

MARC details
000 -LEADER
fixed length control field 01634cab a2200229 4500
001 - CONTROL NUMBER
control field ABS44315
008 - FIXED-LENGTH DATA ELEMENTS--GENERAL INFORMATION
fixed length control field 090401t1991 xxu||||| |||| 00| 0 eng d
035 ## - SYSTEM CONTROL NUMBER
System control number (Sirsi) u46546
041 ## - LANGUAGE CODE
Language code of text/sound track or separate title eng
245 ## - TITLE STATEMENT
Title Cambridge CC v SoS Environment and another
260 ## - PUBLICATION, DISTRIBUTION, ETC.
Date of publication, distribution, etc. 1991
350 ## - PRICE (NR) (BK AM CF MU VM SE) [OBSOLETE]
Price 0
490 ## - SERIES STATEMENT
Series statement Estates Gazette
Volume/sequential designation (1991) 09 EG 119-125(5)
520 ## - SUMMARY, ETC.
Summary, etc. QBD 11 January 1991. Appeal by Cambridge CC (C) under the Town and Country Planning Act 1971 s246 against the Inspector`s decision (acting on behalf of the SOS Environment) allowing appeals by the owners against two enforcement notices served by C over breaches of planning control over the demolition of two houses. Appeal based on question as to whether the demolition of two houses constituted development . The properties had been purchased by developers of an adjoining office block to provide additional carparking. After temporary planning permission to use the houses as site offices had run out, the developers began to demolish them. Enforcement notices were issued by C. Developers appealed to SOS. The Inspector quashed the notices concluding after consulting several authorities that demolition is not part of a building operation and did not require planning permission. HC held that demolition in this case was a building operation and therefore, demolition constituted development.
650 ## - SUBJECT ADDED ENTRY--TOPICAL TERM
Topical term or geographic name entry element IDDENDEN V SOS FOR THE ENVIRONMENT
650 ## - SUBJECT ADDED ENTRY--TOPICAL TERM
Topical term or geographic name entry element LONDON CC V MARKS AND SPENCERS LTD
650 ## - SUBJECT ADDED ENTRY--TOPICAL TERM
Topical term or geographic name entry element SECTION 246 NOTICES
650 ## - SUBJECT ADDED ENTRY--TOPICAL TERM
Topical term or geographic name entry element TOWN AND COUNTRY PLANNING ACT S289
690 ## - LOCAL SUBJECT ADDED ENTRY--TOPICAL TERM (OCLC, RLIN)
Topical term or geographic name as entry element PLANNING LAW AND PRACTICE-CASE LAW
942 ## - ADDED ENTRY ELEMENTS (KOHA)
Suppress in OPAC 0
948 ## - LOCAL PROCESSING INFORMATION (OCLC); SERIES PART DESIGNATOR (RLIN)
c (OCLC) 04/03/1997
Holdings
Withdrawn status Lost status Source of classification or shelving scheme Damaged status Not for loan Home library Current library Shelving location Date acquired Total Checkouts Full call number Barcode Date last seen Copy number Price effective from Koha item type
    Dewey Decimal Classification     London London Journal article 14/09/1999   ABS44315 46546-1001 06/08/2019 1 06/08/2019 Law report